=LDR 00000nam 2200000 4500 =001 NUTBA000000000005164 =005 20141022133204.0 =006 =007 =008 =020 ##$$a 979-3567-25-2 =035 ##$$0010-101400000000394 =040 ##$$a Ind =082 ##$$a 616.93 =090 ##$$a 616.93$bPra m =100 ##$$a Prabowo, arlan. =245 ##$$a Penyakit mematikan itu datang dari seekor nyamuk malaria mencegah dan mengatasinya$cDr Arian prabowo =250 ##$$a Cet.1 =260 ##$$a Jakarta$bPuspa swara$c2004. =300 ##$$a iii,49 HLmh$bIlus$c21 cm. =850 ##$$a NBPNMAT =990 ##$$a 00086442 =990 ##$$a 0001/BPAP-NTB/20142014 =990 ##$$a 0001/BPAP-NTB/2016